Catálogo público

Microbiological Quality of Foods, Proccedingds of a Conferen Held at Franconia / (Record no. 173395)

MARC details
000 -CABECERA
campo de control de longitud fija 00749nam a2200253Ia 4500
001 - NÚMERO DE CONTROL
campo de control dia_2895
003 - IDENTIFICADOR DEL NÚMERO DE CONTROL
campo de control CHAP
005 - FECHA Y HORA DE LA ÚLTIMA TRANSACCIÓN
campo de control 20230519113401.0
008 - DATOS DE LONGITUD FIJA--INFORMACIÓN GENERAL
campo de control de longitud fija 220117s1963 xx 000 0 und d
010 ## - NÚMERO DE CONTROL DE LA BIBLIOTECA DEL CONGRESO
Número de control de LC 173395
040 ## - FUENTE DE LA CATALOGACIÓN
Centro/agencia transcriptor CHAP
082 ## - NÚMERO DE LA CLASIFICACIÓN DECIMAL DEWEY
Número de clasificación 664.8 S52
100 ## - ENTRADA PRINCIPAL--NOMBRE DE PERSONA
Nombre de persona Slanetz, L. W. ed.
9 (RLIN) 153698
245 ## - MENCIÓN DE TÍTULO
Título Microbiological Quality of Foods, Proccedingds of a Conferen Held at Franconia /
Mención de responsabilidad, etc. by L.W.S- and Others
260 ## - PUBLICACIÓN, DISTRIBUCIÓN, ETC.
Lugar de publicación, distribución, etc. New york, Academic press
Fecha de publicación, distribución, etc. 1963
300 ## - DESCRIPCIÓN FÍSICA
Extensión 274 p.
500 ## - NOTA GENERAL
Nota general D.
650 ## - PUNTO DE ACCESO ADICIONAL DE MATERIA--TÉRMINO DE MATERIA
Término de materia o nombre geográfico como elemento de entrada Alimentos.conservación
9 (RLIN) 153699
650 ## - PUNTO DE ACCESO ADICIONAL DE MATERIA--TÉRMINO DE MATERIA
Término de materia o nombre geográfico como elemento de entrada Alimentos
Subdivisión general bacteorología
9 (RLIN) 153700
901 ## - ELEMENTOS DE DATOS A LOCAL LDA (RLIN)
a 664.8 S52
902 ## - ELEMENTOS DE DATOS B LOCAL, LDB (RLIN)
a M
905 ## - ELEMENTOS DE DATOS E LOCAL, LDE (RLIN)
a 0000001963 NEW 0000000000ING00
942 ## - ELEMENTOS DE PUNTO DE ACCESO ADICIONAL (KOHA)
Tipo de ítem Koha Libro
Fuente del sistema de clasificación o colocación Dewey Decimal Classification
Holdings
Estado de retiro Estado de pérdida Fuente del sistema de clasificación o colocación Estado dañado No para préstamo Código de colección Localización permanente Ubicación/localización actual Fecha de adquisición Información codificada de la localización en otra ubicación Total de préstamos Signatura topográfica completa Código de barras Fecha visto por última vez Fecha del último préstamo Número de copia Precio válido a partir de Tipo de ítem Koha
    Dewey Decimal Classification     General Ingenieria Agroindustrial Ingenieria Agroindustrial 18/01/2022 1 1 664.8 S52 dia_785 13/11/2023 13/11/2023 1 18/01/2022 Libro